LEADER 01147nam 2200409 450 001 9910466945203321 005 20200520144314.0 010 $a1-4232-3488-X 035 $a(CKB)3710000001404131 035 $a(MiAaPQ)EBC4877028 035 $a(Au-PeEL)EBL4877028 035 $a(CaPaEBR)ebr11397710 035 $a(OCoLC)990741406 035 $a(EXLCZ)993710000001404131 100 $a20190123d2017 uy 0 101 0 $aeng 135 $aurcnu|||||||| 181 $ctxt$2rdacontent 182 $cc$2rdamedia 183 $acr$2rdacarrier 200 10$aBiochemistry 2 /$fauthor, Frank Miskevich, PhD 210 1$a[Place of publication not identified] :$cBarCharts, Inc.,$d[2017] 210 4$dİ2017 215 $a1 online resource (6 pages) $cillustrations 311 $a1-4232-3325-5 606 $aChemistry$vOutlines, syllabi, etc 608 $aElectronic books. 615 0$aChemistry 676 $a540.76 700 $aMiskevich$b Frank$0964982 801 0$bMiAaPQ 801 1$bMiAaPQ 801 2$bMiAaPQ 906 $aBOOK 912 $a9910466945203321 996 $aBiochemistry 2$92189370 997 $aUNINA LEADER 01375nam0 22003251i 450 001 UON00152869 005 20231205102929.784 010 $a39-06-75774-9 100 $a20020107d1998 |0itac50 ba 101 $ager 102 $aCH 105 $a|||| 1|||| 200 1 $a"... und Cang Jie erfand die Schrift"$eEin Handbuch fur den Gebrauch des Shuo Wen Jie Zi$fMarc Winter 210 $a Bern$aBerlin ; Frankfurt am Main$cLang$d1998 215 $a629 p.$d23 cm 316 $aRoma, Ministero BBAACC$5IT-UONSI CINIIC/350 N 410 1$1001UON00000140$12001 $aSchweizer Asiatische Studien$eMonographien$dEtudes asiatiques suisses$eMonographies$v28 606 $aSCRITTURA CINESE$3UONC032307$2FI 620 $aDE$dBerlin$3UONL003157 620 $aDE$dFrankfurt am Main$3UONL003175 620 $aCH$dBern$3UONL003266 686 $aCIN II C$cCINA - LINGUISTICA - STUDI SPECIFICI$2A 700 1$aWINTER$bMarc$3UONV091091$0673357 712 $aPeter Lang$3UONV246217$4650 801 $aIT$bSOL$c20240220$gRICA 899 $aSIBA - SISTEMA BIBLIOTECARIO DI ATENEO$2UONSI 912 $aUON00152869 950 $aSIBA - SISTEMA BIBLIOTECARIO DI ATENEO$dSI CIN II C 350 N $eSI SA 101948 7 350 N Roma, Ministero BBAACC 996 $a"... und Cang Jie erfand die Schrift"$91273385 997 $aUNIOR